000 01171cam a22003734a 4500
999 _c43027
_d43027
003 BJBSDDR
005 20230410115529.0
007 ta
008 070402s2007 it a b 000 0 ita d
020 _a9788815115232
020 _a8815115234
035 _a14813093
035 _a(ItFiC)it 07559216
040 _aItFiC
_cItFiC
_bspa
041 _aita
042 _alccopycat
043 _ae-it---
050 1 4 _aHD 6154
_bP972d 2007
100 1 _aPruna, Maria Letizia,
_d1959-
245 1 0 _aDonne al lavoro /
_cMaria Letizia Pruna.
260 _aBologna :
_bil Mulino,
_cc2007.
300 _a130 p. :
_bill. ;
_c20 cm.
440 0 _aFarsi un'idea ;
_v133
504 _aIncludes bibliographical references (p. 129-130).
650 0 _aWomen
_xEmployment
_zItaly.
650 0 _aWomen
_zItaly
_xSocial conditions
_y20th century.
650 0 _aWomen
_zItaly
_xSocial conditions
_y21st century.
650 4 _aMujeres trabajadoras
_zItalia
_922581
650 4 _aMujeres
_xEmpleo
_913900
650 4 _aMujeres
_xCondiciones sociales
_910641
856 4 1 _3Table of contents
_uhttp://www.loc.gov/catdir/toc/casalini06/07559216.pdf
942 _2lcc
_cBK
946 _akk